000 01356 a2200229 4500
001 41117
005 20260407155705.0
008 260407a2007 arg spa d
003 AR-UNSa-BCEJYS
040 _aAR-UNSa-BCEJYS
_bspa
_cAR-UNSa-BCEJYS
080 _a347.51
_xResponsabilidad civil en general
245 1 0 _aResponsabilidad civil del sujeto controlante por los daños ocasionados a la sociedad controlada
020 _a978-950-894-648-5
264 1 _aBuenos Aires :
_bAD-HOC
_c2007
300 _a263 p.
_c23 cm.
505 _a1. Introducción - 2. El precedente - 3. Presupuestos generales de la responsabilidad civil - 4. Aproximación a la responsabilidad civil por los daños ocasionados en la actividad comercial - 5. La socidad comercial. La personalidad jurídica. La responsabilidad del ente societario - 6. El grupo societario - 7. El control societario y la influencia dominante - 8. Responsabilidad civil del sujeto controlante por los daños causados a la sociedad controlada en el marco de la relación de control societario - 9. Responsabilidad de los administradores de la sociedad controlante - 10. Conclusión
041 _aspa
942 _cBK
590 _aniveau_biblio:m niveau_hierar:0
100 1 _aBoretto, Mauricio
856 4 1 _uhttps://biblioeco.unsa.edu.ar/pmb/images/libros/L126376.jpg
_yImagen de portada
_qimage/jpeg
999 _c3385
_d3385